000 00636nam a2200229Ia 4500
003 OSt
005 20220918192148.0
006 a|||||r|||| 00| 0
007 ta
008 220917b |||||||| |||| 00| 0 eng d
024 _a67,325
037 _cTextual
040 _aARTS
_cARTS
_beng
041 _2eng
_aeng
082 _aR3xL70:g, H0 (ER)
100 _aMure G R G
_976419
245 0 _aIntroduction to Hegel
260 _aOxford
_bClarendon Press
_c1959
650 _aPHILOSOPHERS; HEGEL, GEORG WILHELM FRIEDRICH
_978551
942 _hR3xL70:g, H0 (ER)
_cTEXL
_2CC
999 _c193558
_d193558